[Event "ch-ISR 2016"]
[Site "Tiberias ISR"]
[Date "2016.12.07"]
[Round "3.14"]
[White "Kraus, Yair"]
[Black "Mindlin, Alon"]
[Result "0-1"]
[BlackTitle "IM"]
[WhiteElo "2218"]
[BlackElo "2428"]
[WhiteFideId "2804786"]
[BlackFideId "2800071"]
[EventDate "2016.12.05"]

1. d4 Nf6 2. c4 e6 3. Nc3 d5 4. Bg5 Nbd7 5. e3 Be7 6. Nf3 h6 7. Bh4 O-O 8. Bd3
b6 9. O-O Bb7 10. Qe2 c5 11. Rfd1 Ne4 12. Bxe7 Qxe7 13. cxd5 exd5 14. dxc5 Nxc3
15. bxc3 Nxc5 16. Rac1 Rac8 17. Nd4 Rfd8 18. Bf5 Rc7 19. Qb2 Ba6 20. Qb4 Qe8 21.
Bc2 Qf8 22. Bf5 g6 23. Bb1 Ne4 24. Qa4 Nc5 25. Qb4 Rdc8 26. Qa3 Bc4 27. h4 h5
28. g3 Ne4 29. Qb2 Ba6 30. Bxe4 dxe4 31. Nb5 Bxb5 32. Qxb5 Qc5 33. Qxc5 Rxc5 34.
Rd7 R8c7 35. Rxc7 Rxc7 36. Kg2 Kg7 37. f3 exf3+ 38. Kxf3 Rc4 39. e4 Kf6 40. Ke3
Ke5 0-1

[Event "ch-ISR 2016"]
[Site "Tiberias ISR"]
[Date "2016.12.07"]
[Round "3.15"]
[White "Taichman, Ori"]
[Black "Gamayev, Oleg"]
[Result "0-1"]
[WhiteElo "2291"]
[BlackElo "2238"]
[WhiteFideId "2804069"]
[BlackFideId "2802813"]
[EventDate "2016.12.05"]

1. e4 c5 2. Nf3 d6 3. d4 cxd4 4. Nxd4 Nf6 5. Nc3 g6 6. Be3 Bg7 7. Be2 O-O 8. Qd2
Nc6 9. O-O-O Nxd4 10. Bxd4 Be6 11. h4 Qa5 12. Qg5 Qxg5+ 13. hxg5 Nd7 14. Nd5
Bxd5 15. exd5 f6 16. Bg4 f5 17. Be2 a6 18. a4 Rac8 19. Rh3 Bxd4 20. Rxd4 a5 21.
f4 Nc5 22. g4 Rb8 23. gxf5 Rxf5 24. Bg4 Rf7 25. Be6 Nxe6 26. dxe6 Rf5 27. Rb3 h6
28. Rb5 Rxb5 29. axb5 Rc8 30. gxh6 Rc5 31. Kd2 Kh7 32. c3 Kxh6 33. Ke3 Kg7 34.
Re4 Kf6 35. Kd4 Rh5 36. Re1 b6 37. b3 Rc5 38. Rh1 Kxe6 39. Rh8 Kd7 40. Rg8 Rf5
41. Ke4 Rf6 42. Ra8 e6 43. Ra7+ Kc8 44. Rg7 d5+ 45. Ke5 Rf5+ 46. Kd6 0-1

[Event "ch-ISR 2016"]
[Site "Tiberias ISR"]
[Date "2016.12.08"]
[Round "4.1"]
[White "Postny, Evgeny"]
[Black "Nabaty, Tamir"]
[Result "1-0"]
[WhiteTitle "GM"]
[BlackTitle "GM"]
[WhiteElo "2620"]
[BlackElo "2649"]
[WhiteFideId "2804344"]
[BlackFideId "2809052"]
[EventDate "2016.12.05"]

1. d4 d5 2. c4 e6 3. Nf3 dxc4 4. e3 b5 5. a4 b4 6. Bxc4 Nf6 7. O-O Bb7 8. Nbd2
Be7 9. a5 a6 10. Qa4+ Nfd7 11. e4 O-O 12. Rd1 Nf6 13. Qc2 c5 14. e5 Nfd7 15. Ne4
cxd4 16. Rxd4 Qc7 17. Neg5 Bxg5 18. Nxg5 g6 19. Nxe6 Qc6 20. Nf4 Nxe5 21. b3
Nbd7 22. Bb2 Nf6 23. Rad1 Nf3+ 24. gxf3 Qxf3 25. Nd5 Nxd5 26. Be2 Qh3 27. Rxd5
Bxd5 28. Rxd5 Rfe8 29. Qc4 Re6 30. Qd4 f6 31. Rd7 Kh8 32. Rf7 Qf5 33. Rxf6 Qg5+
34. Kf1 Rxf6 35. Qxf6+ Qxf6 36. Bxf6+ Kg8 37. Be7 Kg7 38. Bxb4 1-0

[Event "ch-ISR 2016"]
[Site "Tiberias ISR"]
[Date "2016.12.08"]
[Round "4.2"]
[White "Drori, Saar"]
[Black "Roiz, Michael"]
[Result "1/2-1/2"]
[WhiteTitle "FM"]
[BlackTitle "GM"]
[WhiteElo "2318"]
[BlackElo "2608"]
[WhiteFideId "2812444"]
[BlackFideId "2804158"]
[EventDate "2016.12.05"]

1. e4 e5 2. Nf3 Nc6 3. Bc4 Bc5 4. c3 Nf6 5. d3 a6 6. a4 d6 7. O-O O-O 8. Bg5 h6
9. Bh4 g5 10. Bg3 Ba7 11. Nbd2 Kg7 12. Re1 Nh7 13. Nf1 f5 14. exf5 Bxf5 15. d4
exd4 16. Nxd4 Nxd4 17. cxd4 Qd7 18. Rc1 Rae8 19. Ne3 Be4 20. Bb3 Nf6 21. a5 Re7
22. Ba4 c6 23. Nc4 Bb8 24. Nb6 Qd8 25. f3 Bg6 26. d5 c5 27. Rxe7+ Qxe7 28. Qd2
Bc7 29. Qc3 Kh7 30. Re1 Qf7 31. Bb3 Bf5 32. Bc4 Re8 33. Rxe8 Nxe8 34. Qe3 Nf6
35. h4 g4 36. fxg4 Nxg4 37. Qf3 Qg6 38. Na8 Bd8 39. Bxd6 Bf6 40. Bxc5 Ne5 41.
Qf4 Nxc4 42. Qxc4 Be4 43. Qe2 Bxd5 44. Nb6 Bc6 45. h5 Qb1+ 46. Kh2 Qf5 47. Bd6
Qxa5 48. Nc4 Qf5 49. Bg3 Bg7 50. Nd6 Qd5 51. Ne8 Bd4 52. Nd6 a5 53. Qd3+ Kh8 1/2-1/2

[Event "ch-ISR 2016"]
[Site "Tiberias ISR"]
[Date "2016.12.08"]
[Round "4.3"]
[White "Givon, Asaf"]
[Black "Baron, Tal"]
[Result "1/2-1/2"]
[WhiteTitle "IM"]
[BlackTitle "GM"]
[WhiteElo "2471"]
[BlackElo "2536"]
[WhiteFideId "2801841"]
[BlackFideId "2809958"]
[EventDate "2016.12.05"]

1. e4 e6 2. d4 d5 3. Nd2 Be7 4. Bd3 c5 5. dxc5 Nf6 6. Qe2 O-O 7. Ngf3 a5 8. O-O
Na6 9. e5 Nd7 10. Nd4 Ndxc5 11. f4 f5 12. exf6 Bxf6 13. N2f3 Qb6 14. c3 Nxd3 15.
Qxd3 Nc5 16. Qe2 Qa6 17. Be3 Qxe2 18. Nxe2 b6 19. Rfd1 Ba6 20. Ng3 Nd3 21. Rd2
Be7 22. Ne5 Nxe5 23. fxe5 b5 24. a3 b4 25. axb4 axb4 26. Rf2 Rfb8 27. h3 Bc4 28.
Rxa8 Rxa8 29. Nh5 b3 30. Kh2 Bh4 31. g3 Be7 32. Nf4 Ra6 33. h4 g6 34. Kh3 Kg7
35. g4 h6 36. h5 gxh5 37. Nxh5+ Kg6 38. Nf4+ Kg7 39. Nh5+ Kg6 40. Nf4+ 1/2-1/2

[Event "ch-ISR 2016"]
[Site "Tiberias ISR"]
[Date "2016.12.08"]
[Round "4.4"]
[White "Dvoirys, Semen I."]
[Black "Shachar, Ehud"]
[Result "1-0"]
[WhiteTitle "GM"]
[BlackTitle "FM"]
[WhiteElo "2534"]
[BlackElo "2356"]
[WhiteFideId "4100379"]
[BlackFideId "2802198"]
[EventDate "2016.12.05"]

1. e4 e6 2. d4 d5 3. Nd2 Nc6 4. Ngf3 Nf6 5. e5 Nd7 6. Be2 f6 7. exf6 Qxf6 8. Nf1
Bd6 9. Ng3 O-O 10. O-O Nb6 11. Bg5 Qf7 12. Be3 Bd7 13. b3 e5 14. dxe5 Nxe5 15.
Ng5 Qe7 16. Bxb6 axb6 17. Qxd5+ Kh8 18. N5e4 Bc6 19. Qd2 Ba3 20. Rae1 Ng6 21.
Bg4 Nh4 22. Re2 h6 23. c4 Bb4 24. Qc1 Qe5 25. f4 Qe7 26. f5 Bc5+ 27. Kh1 Bd4 28.
Qc2 Qf7 29. Bh5 Qd7 30. Bg4 Qf7 31. f6 Bxf6 32. Nxf6 gxf6 33. Nh5 Rae8 34. Rxf6
Rxe2 35. Rxh6+ Kg8 36. Nf6+ 1-0

[Event "ch-ISR 2016"]
[Site "Tiberias ISR"]
[Date "2016.12.08"]
[Round "4.5"]
[White "Reshef, Omer"]
[Black "Boruchovsky, Avital"]
[Result "0-1"]
[WhiteTitle "IM"]
[BlackTitle "GM"]
[WhiteElo "2435"]
[BlackElo "2530"]
[WhiteFideId "2804336"]
[BlackFideId "2800055"]
[EventDate "2016.12.05"]

1. e4 e5 2. Nf3 Nc6 3. Nc3 Nf6 4. Bb5 Nd4 5. Ba4 c6 6. Nxe5 d6 7. Nf3 Bg4 8. d3
d5 9. exd5 Nxd5 10. O-O Nxf3+ 11. gxf3 Nxc3 12. bxc3 Be6 13. Bb3 Bd6 14. f4 Qf6
15. Bd2 O-O 16. Qf3 Bf5 17. a4 Rae8 18. Rfe1 Bc7 19. Rxe8 Rxe8 20. Re1 Rxe1+ 21.
Bxe1 Qg6+ 22. Kh1 h5 23. h3 Bd7 24. Bd2 Qf5 25. Kg2 h4 26. Be3 a6 27. Bd2 Kf8
28. Bc4 Bd6 29. Bb3 Be7 30. Be3 Ke8 31. Bc4 f6 32. Bb3 Kd8 33. d4 Kc7 34. c4 c5
35. d5 a5 36. Bd2 b6 37. Qd3 Qh5 38. c3 Bf5 39. Qf3 Qxf3+ 40. Kxf3 Bxh3 41. Bc2
Bf1 42. Kg4 h3 43. Kg3 g5 44. Bb3 Bd6 45. Kh2 gxf4 46. f3 f5 47. Kg1 Be2 48. Kh2
Bxf3 49. Kxh3 Be4 50. Kh4 f3 51. Be1 Bf4 52. Bg3 Kd7 53. Bf2 Bd2 54. Kg3 f4+ 55.
Kh2 Bxc3 56. Kg1 Bd3 0-1

[Event "ch-ISR 2016"]
[Site "Tiberias ISR"]
[Date "2016.12.08"]
[Round "4.6"]
[White "Mikhalevski, Victor"]
[Black "Soffer, Ram"]
[Result "1/2-1/2"]
[WhiteTitle "GM"]
[BlackTitle "GM"]
[WhiteElo "2503"]
[BlackElo "2488"]
[WhiteFideId "2801914"]
[BlackFideId "2800101"]
[EventDate "2016.12.05"]

1. Nf3 c5 2. g3 Nc6 3. Bg2 e5 4. c4 g6 5. Nc3 Bg7 6. O-O Nge7 7. a3 O-O 8. Ne1
d6 9. Nc2 Be6 10. Ne3 a6 11. Ned5 Rb8 12. e3 b5 13. b3 Qd7 14. d3 f5 15. Ra2 h6
16. Re1 Kh7 17. Rae2 Bg8 18. f4 Nxd5 19. Nxd5 Rbe8 20. Kh1 Ne7 21. Nxe7 Rxe7 22.
e4 fxe4 23. Bxe4 d5 24. cxd5 Bxd5 25. Qc2 exf4 26. Bxf4 Bd4 27. Be3 Bxe3 28.
Rxe3 Ref7 29. Bxd5 Qxd5+ 30. Kg1 h5 31. Qc3 Qf5 32. Qc2 Qd5 33. Qc3 Qf5 34. Qc2
Rd8 35. Re7 Rd7 36. R7e4 Qd5 37. R1e3 Qf5 38. Qe2 Qd5 39. Qc2 Qf5 40. Qe2 Qd5 1/2-1/2

[Event "ch-ISR 2016"]
[Site "Tiberias ISR"]
[Date "2016.12.08"]
[Round "4.7"]
[White "Golod, Vitali"]
[Black "Steinberg, Nitzan"]
[Result "1/2-1/2"]
[WhiteTitle "GM"]
[BlackTitle "IM"]
[WhiteElo "2549"]
[BlackElo "2476"]
[WhiteFideId "2804140"]
[BlackFideId "2801795"]
[EventDate "2016.12.05"]

1. d4 d5 2. c4 c6 3. Nf3 Nf6 4. Nc3 e6 5. Qb3 Nbd7 6. Bf4 a5 7. cxd5 exd5 8. e3
Be7 9. Bd3 Nh5 10. O-O Nxf4 11. exf4 O-O 12. Qc2 g6 13. f5 Kg7 14. Rfe1 Bd6 15.
Re2 Nf6 16. Ne5 Qb6 17. Nf3 Qd8 18. g3 Nh5 19. Nd1 Nf6 20. Ne3 Re8 21. Ng5 h6
22. Nf3 g5 23. Rae1 Bd7 24. Nf1 Rxe2 25. Rxe2 Qb6 26. h3 Re8 27. Rxe8 Bxe8 28.
Ne3 Qc7 29. Kg2 b6 30. h4 g4 31. Nh2 h5 32. Qc1 Qe7 33. Nc2 Ne4 34. Nf1 c5 35.
Nce3 Nf6 36. b3 Bc6 37. Kg1 a4 38. Ng2 Kf8 39. Qh6+ Ke8 40. Nf4 axb3 41. axb3 1/2-1/2

[Event "ch-ISR 2016"]
[Site "Tiberias ISR"]
[Date "2016.12.08"]
[Round "4.8"]
[White "Kobo, Ori"]
[Black "Bakalchuk, Johnatan"]
[Result "1-0"]
[WhiteTitle "IM"]
[BlackTitle "FM"]
[WhiteElo "2480"]
[BlackElo "2389"]
[WhiteFideId "2812320"]
[BlackFideId "2810301"]
[EventDate "2016.12.05"]

1. d4 Nf6 2. c4 g6 3. Nc3 Bg7 4. e4 d6 5. Nf3 O-O 6. Be2 e5 7. d5 Nbd7 8. Be3 a5
9. Nd2 c6 10. g4 Nc5 11. h4 Ne8 12. g5 f5 13. h5 Rf7 14. Qc2 cxd5 15. cxd5 Rc7
16. hxg6 hxg6 17. Rg1 Bd7 18. a4 Rac8 19. Bb5 Bxb5 20. axb5 f4 21. Bxc5 Rxc5 22.
Qd3 b6 23. Qh3 Nc7 24. Rh1 Kf8 25. Nf3 Qe8 26. Qh7 Nxb5 27. Ne2 Rc2 28. Nh4
Rxe2+ 29. Kxe2 Nd4+ 30. Kf1 Qb5+ 31. Kg2 Qe2 32. Rac1 Rc2 33. Rxc2 Qxe4+ 34. Kh2
Qxc2 35. Nxg6+ Kf7 36. Nh8+ Kf8 37. Qxc2 Nxc2 38. Rc1 Bxh8 39. Rxc2 Kf7 40. Kh3
e4 41. Kg4 Be5 42. g6+ 1-0

[Event "ch-ISR 2016"]
[Site "Tiberias ISR"]
[Date "2016.12.08"]
[Round "4.9"]
[White "Chernomordik, Pavel"]
[Black "Zanan, Evgeny"]
[Result "1/2-1/2"]
[WhiteTitle "FM"]
[BlackTitle "FM"]
[WhiteElo "2254"]
[BlackElo "2434"]
[WhiteFideId "2804530"]
[BlackFideId "24101940"]
[EventDate "2016.12.05"]

1. e4 e5 2. Nf3 Nc6 3. Nc3 Nf6 4. d4 exd4 5. Nxd4 Bb4 6. Nxc6 bxc6 7. Bd3 d5 8.
exd5 cxd5 9. Qe2+ Qe7 10. Bb5+ Bd7 11. Bxd7+ Nxd7 12. Qxe7+ Kxe7 13. Bd2 Nb6 14.
a3 Bc5 15. O-O-O Bxf2 16. Rhf1 Bh4 17. Nb5 c5 18. Bf4 Rad8 19. Bc7 Rd7 20. g3
Bg5+ 21. Kb1 f6 22. h4 Be3 23. Rfe1 d4 24. Bd6+ Rxd6 25. Nxd6 Kxd6 26. Rxe3 Nc4
27. Re2 Rb8 28. c3 Nxa3+ 29. Kc1 Nb5 30. Kc2 Rb7 31. Re8 Kd5 32. Rd8+ Nd6 33. b4
Kc6 34. bxc5 Nf5 35. Ra1 dxc3 36. Kxc3 Rb5 37. Rxa7 Rxc5+ 38. Kd3 Rd5+ 39. Rxd5
Kxd5 40. g4 Nxh4 41. Rxg7 Ng6 42. Ke3 Ke5 43. Kf3 Nf8 44. Re7+ Ne6 45. Kg3 f5
46. g5 Kd6 47. Rxh7 Nxg5 48. Rh5 Ne6 49. Rxf5 1/2-1/2

[Event "ch-ISR 2016"]
[Site "Tiberias ISR"]
[Date "2016.12.08"]
[Round "4.10"]
[White "Birnboim, Nathan"]
[Black "Lovin, Boris"]
[Result "1-0"]
[WhiteTitle "IM"]
[WhiteElo "2365"]
[BlackElo "2254"]
[WhiteFideId "2800209"]
[BlackFideId "2808064"]
[EventDate "2016.12.05"]

1. d4 d5 2. c4 dxc4 3. e4 e5 4. Nf3 Bb4+ 5. Bd2 Bxd2+ 6. Qxd2 exd4 7. Qxd4 Qxd4
8. Nxd4 a6 9. Bxc4 Ne7 10. Nc3 Bd7 11. O-O Nbc6 12. Nb3 Be6 13. Bxe6 fxe6 14.
Nc5 Nd8 15. Rad1 b6 16. Nd3 Ndc6 17. f4 O-O 18. Kf2 Rad8 19. Ke3 Nd4 20. Rd2 Rd6
21. Rfd1 Nb5 22. Nxb5 axb5 23. Ne5 Rfd8 24. Rxd6 cxd6 25. Nf3 d5 26. Ng5 Rd6 27.
Rc1 dxe4 28. Nxe4 Nf5+ 29. Kf2 Rd4 30. Re1 h6 31. g3 b4 32. Re2 Kf8 33. Nd2 Ke7
34. Nf3 Rd1 35. g4 Nd4 36. Nxd4 Rxd4 37. f5 Rd6 38. Kg3 g5 39. fxg6 Kf6 40. Re4
b3 41. axb3 Rd3+ 42. Kf4 Rxb3 43. h4 Kxg6 44. Rxe6+ Kg7 45. Re2 Rb4+ 46. Kf5
Rb5+ 47. Re5 Rxb2 48. Re7+ Kg8 49. Kg6 Kf8 50. Re3 1-0

[Event "ch-ISR 2016"]
[Site "Tiberias ISR"]
[Date "2016.12.08"]
[Round "4.11"]
[White "Gershkowich, David"]
[Black "Gruenfeld, Yehuda"]
[Result "1/2-1/2"]
[WhiteTitle "FM"]
[BlackTitle "GM"]
[WhiteElo "2191"]
[BlackElo "2436"]
[WhiteFideId "2803356"]
[BlackFideId "2800020"]
[EventDate "2016.12.05"]

1. e4 c5 2. Nf3 e6 3. c3 d5 4. exd5 exd5 5. d4 Nc6 6. Bb5 Bd6 7. O-O Nf6 8. Re1+
Be6 9. dxc5 Bxc5 10. Be3 Bxe3 11. Rxe3 O-O 12. Bd3 h6 13. Na3 Re8 14. Nc2 Qb6
15. Ncd4 Bg4 16. Qb3 Rxe3 17. Qxb6 axb6 18. fxe3 Re8 19. Re1 Bd7 20. h3 g6 21.
Nb5 Ne5 22. Bf1 Bc6 23. Nd2 Kg7 24. a3 Ned7 25. Nd4 Nc5 26. c4 Nce4 27. Nxe4
Rxe4 28. Bd3 Re7 29. Nxc6 bxc6 30. cxd5 Nxd5 31. Kf2 c5 32. Bc4 Nf6 33. Rd1 Rd7
34. Rxd7 Nxd7 35. Bd5 Ne5 36. Ke2 Kf6 37. Kd2 Ke7 38. Kc3 Kd6 39. Ba8 f6 40. a4
h5 41. Bb7 h4 42. b3 f5 43. Ba8 g5 44. Bb7 f4 45. exf4 gxf4 1/2-1/2

[Event "ch-ISR 2016"]
[Site "Tiberias ISR"]
[Date "2016.12.08"]
[Round "4.12"]
[White "Mindlin, Alon"]
[Black "Aharon, Ofir"]
[Result "1/2-1/2"]
[WhiteTitle "IM"]
[BlackTitle "FM"]
[WhiteElo "2428"]
[BlackElo "2339"]
[WhiteFideId "2800071"]
[BlackFideId "2800683"]
[EventDate "2016.12.05"]

1. c4 c5 2. Nf3 g6 3. e4 Nc6 4. d4 cxd4 5. Nxd4 Nf6 6. Nc3 d6 7. Be2 Nxd4 8.
Qxd4 Bg7 9. Be3 O-O 10. Qd2 a5 11. O-O a4 12. Rab1 Qa5 13. Rfc1 Be6 14. b4 axb3
15. axb3 Qb4 16. Qc2 Rfc8 17. Kh1 Nd7 18. Nb5 d5 19. exd5 Bxd5 20. h3 Nf8 21.
Nd4 e5 22. Nb5 Ne6 23. Na7 Rc7 24. Ra1 Nd4 25. Bxd4 exd4 26. Nc6 Qf8 27. Rxa8
Qxa8 28. cxd5 bxc6 29. Bf3 d3 30. Qxd3 Rd7 31. Rd1 Qd8 32. Qc4 cxd5 33. Bxd5 Qc7
34. Qe4 Qe5 35. Qf3 Bf6 36. b4 Kg7 37. b5 Qb2 38. g3 1/2-1/2

[Event "ch-ISR 2016"]
[Site "Tiberias ISR"]
[Date "2016.12.08"]
[Round "4.13"]
[White "Kraus, Ohad"]
[Black "Gamayev, Oleg"]
[Result "0-1"]
[WhiteElo "2340"]
[BlackElo "2238"]
[WhiteFideId "2811812"]
[BlackFideId "2802813"]
[EventDate "2016.12.05"]

1. d4 d5 2. c4 e6 3. Nf3 Nf6 4. g3 Bb4+ 5. Bd2 Bxd2+ 6. Nbxd2 Nbd7 7. Bg2 b6 8.
Ne5 Bb7 9. O-O O-O 10. e3 Nxe5 11. dxe5 Nd7 12. f4 Qe7 13. cxd5 exd5 14. Rc1 Nc5
15. Nb3 Nxb3 16. Qxb3 c6 17. Rfd1 Rfd8 18. Rd2 Kh8 19. Qc3 f6 20. exf6 Qxf6 21.
Qxf6 gxf6 22. Kf2 Rd7 23. Rcd1 Re7 24. g4 Kg7 25. e4 dxe4 26. Rd7 Kf8 27. Rxe7
Kxe7 28. Bxe4 h6 29. b4 Rb8 30. Re1 Kd6 31. Bf5 Bc8 32. Re8 Kc7 33. Bxc8 Rxc8
34. Re7+ Kd6 35. Rh7 c5 36. bxc5+ bxc5 37. Rxh6 c4 38. Ke2 Kd5 39. Kd2 Kd4 40.
Rxf6 Rh8 41. Rd6+ Kc5 42. Ra6 Rh4 43. Ke3 Rxg4 44. Rxa7 Rh4 45. f5 Rh3+ 46. Ke4
Rxh2 47. Ke5 Re2+ 48. Kf6 c3 49. Kf7 c2 50. Rc7+ Kd6 51. Rc3 Re7+ 52. Kg6 Rc7
53. f6 c1=Q 54. f7 Rc5 55. Kg7 Qg5+ 0-1

[Event "ch-ISR 2016"]
[Site "Tiberias ISR"]
[Date "2016.12.08"]
[Round "4.14"]
[White "Parkhov, Yair"]
[Black "Frenkel, Ran"]
[Result "1/2-1/2"]
[WhiteElo "2207"]
[BlackElo "2201"]
[WhiteFideId "2813408"]
[BlackFideId "2815974"]
[EventDate "2016.12.05"]

1. d4 Nf6 2. c4 g6 3. Nc3 Bg7 4. e4 d6 5. h3 O-O 6. Bg5 c5 7. d5 e6 8. Bd3 exd5
9. exd5 Re8+ 10. Kf1 Na6 11. Nf3 h6 12. Bf4 Nc7 13. Qd2 Kh7 14. a4 Na6 15. g4
Nb4 16. Kg2 Nxd3 17. Qxd3 b6 18. Nd2 Nd7 19. Bxd6 Ne5 20. Bxe5 Bxe5 21. Nf3 Bg7
22. Rae1 Rf8 23. Ne5 Bd7 24. f3 Be8 25. Qe2 Bf6 26. Nc6 Bxc6 27. dxc6 Bh4 28. c7
Qxc7 29. Qe5 Qc6 30. Rd1 Rad8 31. b3 Bf6 32. Qe4 Qxe4 33. Nxe4 Bd4 34. Ng3 Rfe8
35. Rhe1 Rxe1 36. Rxe1 Bf6 37. Nf1 Rd3 38. Re3 Rd1 39. f4 Kg7 40. f5 Bd4 1/2-1/2

[Event "ch-ISR 2016"]
[Site "Tiberias ISR"]
[Date "2016.12.08"]
[Round "4.15"]
[White "Kraus, Yair"]
[Black "Taichman, Ori"]
[Result "1/2-1/2"]
[WhiteElo "2218"]
[BlackElo "2291"]
[WhiteFideId "2804786"]
[BlackFideId "2804069"]
[EventDate "2016.12.05"]

1. d4 Nf6 2. c4 g6 3. Nc3 Bg7 4. e4 d6 5. Be2 O-O 6. Nf3 e5 7. O-O Nc6 8. d5 Ne7
9. Nd2 Ne8 10. b4 f5 11. c5 Nf6 12. f3 f4 13. Nc4 g5 14. cxd6 cxd6 15. Nb5 Ne8
16. Bd2 Bd7 17. a4 a6 18. Nc3 Nc8 19. a5 Nf6 20. Be1 Rb8 21. Na4 g4 22. Nab6
Nxb6 23. Nxb6 gxf3 24. Bxf3 Bb5 25. Rf2 Nd7 26. Nxd7 Bxd7 27. Bg4 Rc8 28. Rd2
Rc4 29. Be6+ Kh8 30. Qg4 Be8 31. Bf5 Bf6 32. Qh3 Rf7 33. Bf2 Bd7 34. Qh5 Rg7 35.
Be6 Rxe4 36. Rc1 Rg5 37. Qh3 Bxe6 38. Qxe6 Qe7 39. Bh4 Qxe6 40. dxe6 Rxb4 41.
Bxg5 Bxg5 42. Rxd6 f3 43. Rc8+ Kg7 44. Rc7+ Kg6 45. e7+ Kf7 46. gxf3 Rb1+ 47.
Kg2 Rb2+ 48. Kg3 h5 49. h3 Bxe7 50. Rdd7 h4+ 51. Kg4 Kg6 52. f4 Rb4 53. Kf3
Rxf4+ 54. Ke2 Bb4 55. Rxb7 Bxa5 56. Rd6+ Rf6 57. Rxf6+ Kxf6 58. Ra7 Kf5 59. Rxa6
Bd8 60. Kf3 Bg5 61. Ra4 Be7 62. Rg4 Bg5 63. Rc4 Bf6 64. Rg4 1/2-1/2

[Event "ch-ISR 2016"]
[Site "Tiberias ISR"]
[Date "2016.12.09"]
[Round "5.1"]
[White "Nabaty, Tamir"]
[Black "Boruchovsky, Avital"]
[Result "1/2-1/2"]
[WhiteTitle "GM"]
[BlackTitle "GM"]
[WhiteElo "2649"]
[BlackElo "2530"]
[WhiteFideId "2809052"]
[BlackFideId "2800055"]
[EventDate "2016.12.05"]

1. e4 e5 2. Nf3 Nc6 3. Bb5 a6 4. Ba4 Nf6 5. O-O Nxe4 6. d4 b5 7. Bb3 d5 8. dxe5
Be6 9. c3 Be7 10. Bc2 Bg4 11. a4 b4 12. Bb3 Bxf3 13. gxf3 Nc5 14. Bxd5 Qd7 15.
cxb4 O-O-O 16. bxc5 Qxd5 17. Qxd5 Rxd5 18. f4 Bxc5 19. Be3 Bd4 20. Ra3 Bxb2 21.
Rb3 Bd4 22. Nc3 Rc5 23. Ne4 Rc4 24. Kg2 Bxe3 25. Rxe3 Rd8 26. h3 Ne7 27. Ng5 Nd5
28. Nxf7 Rf8 29. Ng5 Rcxf4 30. Rg3 R4f5 31. Nxh7 Nf4+ 32. Kh2 Rh8 33. Rxg7 Rh5
34. Ng5 Rxh3+ 35. Nxh3 Rxh3+ 36. Kg1 Ne2+ 37. Kg2 Nf4+ 1/2-1/2

[Event "ch-ISR 2016"]
[Site "Tiberias ISR"]
[Date "2016.12.09"]
[Round "5.2"]
[White "Dvoirys, Semen I."]
[Black "Postny, Evgeny"]
[Result "1/2-1/2"]
[WhiteTitle "GM"]
[BlackTitle "GM"]
[WhiteElo "2534"]
[BlackElo "2620"]
[WhiteFideId "4100379"]
[BlackFideId "2804344"]
[EventDate "2016.12.05"]

1. e4 e5 2. Nf3 Nc6 3. Bb5 a6 4. Ba4 Nf6 5. O-O Be7 6. Re1 b5 7. Bb3 d6 8. c3
O-O 9. h3 Nb8 10. d4 Nbd7 11. Nbd2 Bb7 12. Bc2 c5 13. d5 c4 14. Nf1 Qc7 15. Ng3
g6 16. Bh6 Rfb8 17. Qd2 Bf8 18. Bxf8 Rxf8 19. Qh6 Rfb8 20. Rf1 Qd8 21. Nd2 Kh8
22. Kh2 Ng8 23. Qe3 Qb6 24. Qe2 Re8 25. a4 Qc7 26. Qg4 Ndf6 27. Qd1 Qb6 28. f4
exf4 29. Rxf4 Qe3 30. Ne2 Re7 31. Nf1 Qc5 32. Nfg3 Nd7 33. Qd2 Ne5 34. Nd4 Qb6
35. Nf3 Rd8 36. Qd4 Qc7 37. Qf2 Bc8 38. Ne2 f6 39. axb5 axb5 40. Ra8 Qb7 41. Ra1
Rde8 42. Neg1 b4 43. Nxe5 dxe5 44. Rf3 1/2-1/2

[Event "ch-ISR 2016"]
[Site "Tiberias ISR"]
[Date "2016.12.09"]
[Round "5.3"]
[White "Roiz, Michael"]
[Black "Mikhalevski, Victor"]
[Result "1/2-1/2"]
[WhiteTitle "GM"]
[BlackTitle "GM"]
[WhiteElo "2608"]
[BlackElo "2503"]
[WhiteFideId "2804158"]
[BlackFideId "2801914"]
[EventDate "2016.12.05"]

1. d4 Nf6 2. g3 g6 3. Bg2 d5 4. c4 c6 5. Qb3 Bg7 6. Nf3 O-O 7. O-O Qb6 8. Nc3
Rd8 9. Rd1 Bf5 10. Ne1 Na6 11. Qxb6 axb6 12. cxd5 cxd5 13. Bg5 Nb4 14. Bxf6 Bxf6
15. e3 e6 16. Bf1 Rdc8 17. Nd3 Bxd3 18. Bxd3 Nxd3 19. Rxd3 Be7 20. Kf1 Kf8 21.
Ke2 Ke8 22. Kd1 Kd7 23. Ne2 b5 24. Rc3 b4 25. Rxc8 Rxc8 26. Nf4 Bd6 27. Nd3 Rc6
28. Rc1 Rc4 29. b3 Rxc1+ 30. Kxc1 Kc6 31. Kc2 1/2-1/2

[Event "ch-ISR 2016"]
[Site "Tiberias ISR"]
[Date "2016.12.09"]
[Round "5.4"]
[White "Baron, Tal"]
[Black "Birnboim, Nathan"]
[Result "1-0"]
[WhiteTitle "GM"]
[BlackTitle "IM"]
[WhiteElo "2536"]
[BlackElo "2365"]
[WhiteFideId "2809958"]
[BlackFideId "2800209"]
[EventDate "2016.12.05"]

1. e4 e6 2. d4 d5 3. Nc3 Bb4 4. e5 Ne7 5. a3 Bxc3+ 6. bxc3 b6 7. Qg4 Ng6 8. h4
h5 9. Qd1 Ba6 10. Bxa6 Nxa6 11. Bg5 Qd7 12. Ne2 c5 13. Ng3 Qc7 14. O-O Rc8 15.
Nxh5 cxd4 16. cxd4 Kf8 17. Qg4 Rh7 18. f4 Qxc2 19. f5 exf5 20. Rxf5 Rxh5 21.
Raf1 Rh7 22. Rxf7+ Kg8 23. Qe6 Kh8 24. Qxg6 1-0

[Event "ch-ISR 2016"]
[Site "Tiberias ISR"]
[Date "2016.12.09"]
[Round "5.5"]
[White "Soffer, Ram"]
[Black "Givon, Asaf"]
[Result "1/2-1/2"]
[WhiteTitle "GM"]
[BlackTitle "IM"]
[WhiteElo "2488"]
[BlackElo "2471"]
[WhiteFideId "2800101"]
[BlackFideId "2801841"]
[EventDate "2016.12.05"]

1. Nf3 Nf6 2. c4 e6 3. Nc3 Bb4 4. Qc2 O-O 5. d4 c5 6. dxc5 Na6 7. g3 Nxc5 8. Bg2
Nfe4 9. O-O Bxc3 10. bxc3 b6 11. Ng5 d5 12. Nxe4 dxe4 13. Bxe4 Nxe4 14. Qxe4 Ba6
15. Ba3 Re8 16. Rfd1 Qc7 17. c5 bxc5 18. Qe3 Rac8 19. c4 Bxc4 20. Rdc1 Bd5 21.
Bxc5 Qa5 22. Bxa7 Rxc1+ 23. Rxc1 Qxa2 24. Bd4 f6 25. Ra1 Rb8 26. f3 Rb1+ 27.
Rxb1 Qxb1+ 28. Kg2 Qd1 29. Qd3 Qxd3 30. exd3 e5 1/2-1/2

[Event "ch-ISR 2016"]
[Site "Tiberias ISR"]
[Date "2016.12.09"]
[Round "5.6"]
[White "Steinberg, Nitzan"]
[Black "Kobo, Ori"]
[Result "1/2-1/2"]
[WhiteTitle "IM"]
[BlackTitle "IM"]
[WhiteElo "2476"]
[BlackElo "2480"]
[WhiteFideId "2801795"]
[BlackFideId "2812320"]
[EventDate "2016.12.05"]

1. e4 e5 2. Nf3 Nc6 3. Bb5 a6 4. Ba4 Nf6 5. O-O Be7 6. Re1 b5 7. Bb3 d6 8. c3
O-O 9. h3 Na5 10. Bc2 c5 11. d4 Nd7 12. Nbd2 exd4 13. cxd4 Nc6 14. d5 Nce5 15.
Nxe5 Nxe5 16. f4 Ng6 17. Nf3 Bh4 18. Nxh4 Qxh4 19. Rf1 Bxh3 20. gxh3 Qg3+ 21.
Kh1 Qxh3+ 22. Kg1 Qg3+ 23. Kh1 Nh4 24. Qe2 Qh3+ 25. Kg1 Qg3+ 26. Kh1 Qh3+ 27.
Kg1 Qg3+ 28. Kh1 Qh3+ 29. Kg1 Qg3+ 30. Kh1 Qh3+ 1/2-1/2